| 000 | 00699cam a22002531 4500 | ||
|---|---|---|---|
| 999 |
_c19033 _d19033 |
||
| 001 | 9891096 | ||
| 003 | OSt | ||
| 005 | 20200611141929.0 | ||
| 008 | 721026s1967 enkabf 000 0 eng | ||
| 010 | _a 67103893 | ||
| 015 | _aB67-8631 | ||
| 040 | _coclc | ||
| 041 | 1 | _aengund | |
| 042 | _apremarc | ||
| 050 | 0 | 0 |
_aN7301 _b.D3513 |
| 082 |
_a709.54 _bDEN/I |
||
| 100 |
_aDeneck, Marguerite-Marie _92792 |
||
| 245 | 1 | 0 |
_aIndian Art / _c Marguerite-Marie Deneck |
| 260 |
_aLondon, _bHamlyn _c[1967] |
||
| 300 | _a40 p. | ||
| 490 | 0 | _aThe Colour library of art | |
| 906 |
_a7 _bcbc _coclcrpl _du _encip _f19 _gy-gencatlg |
||
| 942 |
_2ddc _cBK _h709.54 _iDEN/I _k709.54 _mDEN/I |
||